000 01059nam a2200289 4500
001 0000023059
003 CO-CtgCURN
005 20250329191024.0
007 ta
008 160627s2007 000 0 eng d
020 _a9789586952712
040 _aCO-CtgCURN
_bspa
_ccoctgcurn
082 0 _a345
_bG748r
100 1 _aGranados Peña, Jaime Enrique.
245 1 0 _aReflexiones en torno al derecho penal de nuestro tiempo /
_cJaime Enrique Granados Peña.
260 _aBogotá :
_bUniversidad de los Andes. Falcultad de Derecho,
_c2007.
300 _ax. 117 p.
336 _2rdacontent
337 _2rdamedia
_asin mediacion
_bn
338 _2rdacarrier
_avolumen
_bnc
500 _aIncluye notas bibliograficas de pie de pagina\Conclusion.
505 8 _anecesidad inaplazable de la reforma al Código penal.--Aspectos dogmaticos.--Orientacion de la reforma que debio ser adelantada
650 1 4 _aDerecho penal.
908 _a160627
942 _cBK
_h345
_iG748r
_2ddc
999 _c11423
_d11423